La Asamblea Cooperativa
Guardat en:
| Autor corporatiu: | |
|---|---|
| Format: | Text |
| Idioma: | Spanish |
| Publicat: |
San José, Costa Rica:
Publicaciones INFOCOOP
|
| Matèries: | |
| Etiquetes: |
Afegir etiqueta
Sense etiquetes, Sigues el primer a etiquetar aquest registre!
|
MARC
| LEADER | 00000 a a2200000 04500 | ||
|---|---|---|---|
| 001 | 17174 | ||
| 003 | cru CIDCACS/IIS | ||
| 005 | 20231130062602.0 | ||
| 008 | 231129b |||||||| |||| 00| 0 spa d | ||
| 040 | |c cru CIDCACS/IIS | ||
| 090 | |a 03.03.04 I59a | ||
| 110 | 1 | |a Instituto Nacional de Fomento Cooperativo (Costa Rica. INFOCOOP) |9 11776 | |
| 245 | 1 | 3 | |a La Asamblea Cooperativa |
| 260 | |a San José, Costa Rica: |b Publicaciones INFOCOOP | ||
| 300 | |a 20 paginas | ||
| 650 | 0 | |a COOPERATIVISMO |9 3747 | |
| 650 | 0 | |a GESTION |9 11667 | |
| 942 | |2 z |c LITG |h 03.03.04 I59a |i 24009 |6 030304_I59A_24009 | ||
| 999 | |c 1812 |d 1812 | ||
